000 00688nam a2200217 i 4500
001 35100
003 ES-MaACL
005 20250802101611.0
007 t|
008 030212s1967 sp ||||1| cat d
100 1 _aBordas, María Dolores.
_930382
245 1 3 _aEl nom de cada cosa... /
_cMaría Dolores Bordas, Jacint Matas, Emill Teixidor ; práoleg de Jordi Sarsanedas.
250 _a1ª ed.
260 _aBarcelona :
_bNova Terra,
_c[1967]
300 _a232 p. :
_bil. ;
_c20 cm.
700 1 _aMatas, Jacinto.
_978922
700 1 _aTeixidor, Emili,
_d1933-
_9109538
700 1 _aSarsanedas, Jordi.
_9103877
852 _aES-MaACL
_jC-34229
_bR.64263
999 _c35100
_d35100